000 01077nam a2200265 a 4500
001 000023052
005 20200930021945.0
008 101125s1996 mx a 001 0 spa d
020 _a9688806749
040 _aDO-SdBNP
_bspa
_cBNPHU
082 _a621.382
_bT655e,1996
100 1 _aTomasi, Wayne
_947439
240 1 0 _aElectronic communications systems fundamentals through advanced.
_lEspañol
245 1 0 _aSistemas de comunicaciones electrónicas /
_cWayne Tomasi ; traducción de Virgilio García Bisogmo ; revisión técnica de Rodolfo de Jesús Bravo de la Parra.
250 _a2a ed.
260 _aMéxico, D. F. :
_bPrentice-Hall Hispanoamericana,
_c1996.
300 _a858 p. :
_bil. ;
_c27 cm.
534 _aTraducido de la obra en inglés :
_tElectronic communications systems fundamentals through advanced
650 4 _aSistemas de telecomunicación
_947440
650 4 _aComunicaciones digitales
_947441
700 1 _aGarcía Bisogmo, Virgilio,
_etr.
_947442
700 1 _aBravo de la Parra, Rodolfo de Jesús.
_erev.
_947443
910 _aWM
049 _aBNGR
999 _c22549
_d22549